000 00447nam a2200181Ia 4500
001 17268
005 20260306170412.0
008 260306t2013||||xx |||||||||||||| ||und||
041 _aESP
082 _a657.61
_bF43C
100 _aFerrer Quea, Alejandro
_eAUT
245 0 _aNIIF para pymes y diferencias con NIIF plenas
260 _c2013
300 _a975 páginas :
_c25 cm.
650 _aGEN
654 _aCCO
942 _cLIB
_dJUS
_fJUS
_2ddc
_n
999 _c17268
_d17268